[Event "European Blitz 2017"]
[Site "Katowice POL"]
[Date "2017.12.15"]
[Round "10.10"]
[White "Jaracz, Pawel"]
[Black "Georgiev, Kiril"]
[Result "1-0"]
[WhiteTitle "GM"]
[BlackTitle "GM"]
[WhiteElo "2465"]
[BlackElo "2623"]
[WhiteFideId "1102222"]
[BlackFideId "2900017"]
[EventDate "2017.12.15"]
[EventType "blitz"]

1. e4 c5 2. Nf3 d6 3. d4 cxd4 4. Nxd4 Nf6 5. f3 e5 6. Nb3 Be6 7. c4 a5 8. Be3
Be7 9. Bd3 a4 10. N3d2 Qa5 11. O-O Bd8 12. Kh1 Bb6 13. Qe1 O-O 14. Na3 Bxe3 15.
Qxe3 Nc6 16. Nb5 Rfd8 17. Rfd1 Ne8 18. Rac1 Nc7 19. Nxc7 Qxc7 20. Nb1 Nd4 21.
Nc3 Qc5 22. Bf1 Rdc8 23. Ne2 Nxe2 24. Qxe2 Ra6 25. Qd2 Rb6 26. h4 h6 27. Kh2 Kf8
28. Rc3 Ke7 29. Rdc1 Qb4 30. R1c2 Rcc6 31. Qe1 Bxc4 32. a3 Qa5 33. Bxc4 Rxc4 34.
Qg3 Rxc3 35. Rxc3 Rxb2 36. Rc8 g6 37. Qg4 Qb6 38. h5 Qa5 39. hxg6 fxg6 40. Qxg6
Qd2 41. Qg7+ 1-0

[Event "European Blitz 2017"]
[Site "Katowice POL"]
[Date "2017.12.15"]
[Round "10.11"]
[White "Piorun, Kacper"]
[Black "Rodshtein, Maxim"]
[Result "1-0"]
[WhiteTitle "GM"]
[BlackTitle "GM"]
[WhiteElo "2651"]
[BlackElo "2699"]
[WhiteFideId "1130420"]
[BlackFideId "2806851"]
[EventDate "2017.12.15"]
[EventType "blitz"]

1. e4 c6 2. d4 d5 3. exd5 cxd5 4. Bd3 Nc6 5. c3 Qc7 6. Ne2 Bg4 7. O-O Nf6 8. Qe1
Bxe2 9. Qxe2 g6 10. f4 Bh6 11. Nd2 O-O 12. Qf2 e6 13. Qh4 Bg7 14. Nf3 Ne7 15.
Qh3 a6 16. Bd2 Nf5 17. g4 Nd6 18. f5 exf5 19. gxf5 Nde4 20. Be3 Rae8 21. Rae1 b5
22. Ne5 Nh5 23. Bxe4 dxe4 24. Ng4 Qc6 25. Qh4 f6 26. Kh1 Kh8 27. Rg1 Qd5 28.
Ref1 Rf7 29. a3 Rg8 30. fxg6 hxg6 31. Nf2 Bf8 32. Nh3 Kh7 33. Nf4 Qf5 34. Nxh5
Qxh5 35. Qxh5+ gxh5 36. Rf5 Rxg1+ 37. Kxg1 Kg6 38. Rd5 Re7 39. Kf2 Re6 40. Rd8
Bh6 41. Bxh6 Kxh6 42. Ke3 Kg5 43. d5 Re5 44. b3 Kg4 45. c4 bxc4 46. bxc4 f5 47.
Rg8+ Kh3 48. d6 f4+ 49. Kxf4 1-0

[Event "European Blitz 2017"]
[Site "Katowice POL"]
[Date "2017.12.15"]
[Round "10.12"]
[White "Mastrovasilis, Dimitrios"]
[Black "Olszewski, Michal"]
[Result "1/2-1/2"]
[WhiteTitle "GM"]
[BlackTitle "GM"]
[WhiteElo "2582"]
[BlackElo "2540"]
[WhiteFideId "4202694"]
[BlackFideId "1121251"]
[EventDate "2017.12.15"]
[EventType "blitz"]

1. e4 c5 2. Nf3 d6 3. d4 cxd4 4. Nxd4 Nf6 5. f3 g6 6. c4 Bg7 7. Nc3 Nc6 8. Be3
O-O 9. Qd2 Bd7 10. b3 a6 11. Rc1 Rb8 12. Be2 b5 13. c5 b4 14. Na4 d5 15. Nxc6
Bxc6 16. e5 Nd7 17. f4 d4 18. Qxd4 Bxg2 19. Rg1 Bc6 20. Nb6 Qc7 21. Nxd7 Bxd7
22. c6 Bf5 23. Qa7 Qa5 24. Qxa6 Qd5 25. Qc4 Qa5 26. Qa6 Qd5 27. Qc4 Qa5 28. Qa6
Qd5 1/2-1/2

[Event "European Blitz 2017"]
[Site "Katowice POL"]
[Date "2017.12.15"]
[Round "10.13"]
[White "Heberla, Bartlomiej"]
[Black "Fressinet, Laurent"]
[Result "0-1"]
[WhiteTitle "GM"]
[BlackTitle "GM"]
[WhiteElo "2555"]
[BlackElo "2662"]
[WhiteFideId "1115120"]
[BlackFideId "608742"]
[EventDate "2017.12.15"]
[EventType "blitz"]

1. e4 e5 2. Nf3 Nc6 3. Bc4 Bc5 4. c3 Nf6 5. d3 a6 6. Nbd2 d6 7. h3 O-O 8. Bb3
Be6 9. Qe2 Bxb3 10. axb3 d5 11. Nf1 dxe4 12. dxe4 Ne8 13. Ng3 Nd6 14. O-O Qd7
15. b4 Ba7 16. Rd1 Qe6 17. Ng5 Qg6 18. Qg4 f6 19. Ne6 Rf7 20. Nxc7 Nxe4 21. Qxg6
hxg6 22. Nxa8 Bxf2+ 23. Kf1 Bxg3 24. Nb6 f5 25. Rd7 f4 26. b5 Rxd7 27. Nxd7 axb5
28. Ra8+ Kf7 29. Nb8 Ne7 30. Ra7 Nd6 31. Nd7 Ke6 32. Nc5+ Kd5 33. Nd7 e4 34. Ke2
b4 35. cxb4 Nc6 36. Ra8 Nd4+ 37. Kd1 e3 0-1

[Event "European Blitz 2017"]
[Site "Katowice POL"]
[Date "2017.12.15"]
[Round "10.14"]
[White "Wojtaszek, Radoslaw"]
[Black "Kazakovskiy, Valeriy"]
[Result "0-1"]
[WhiteTitle "GM"]
[BlackTitle "IM"]
[WhiteElo "2736"]
[BlackElo "2422"]
[WhiteFideId "1118358"]
[BlackFideId "13507443"]
[EventDate "2017.12.15"]
[EventType "blitz"]

1. Nf3 Nf6 2. c4 e6 3. g3 a6 4. Nc3 d5 5. b3 d4 6. Na4 b5 7. Nb2 Bb7 8. Bg2 c5
9. O-O Be7 10. e3 Nc6 11. exd4 cxd4 12. Nd3 O-O 13. Bb2 Rb8 14. Rc1 Qb6 15. Re1
Rfd8 16. Nfe5 Rbc8 17. Nxc6 Bxc6 18. Bxc6 Qxc6 19. Ne5 Qb7 20. Qf3 Qxf3 21. Nxf3
bxc4 22. Nxd4 Bb4 23. Rxc4 Rxc4 24. bxc4 Bxd2 25. Re2 Bb4 26. Nc6 Rd1+ 27. Kg2
Bc5 28. Nb8 a5 29. Na6 Be7 30. c5 Rd8 31. c6 Rc8 32. c7 Nd5 33. Be5 Kf8 34. Rb2
Nb4 35. Nxb4 axb4 36. a3 f6 37. Bd4 e5 38. Be3 Rxc7 39. axb4 Rb7 40. b5 Kf7 41.
f4 Ke6 42. Kf3 exf4 43. Kxf4 Kd5 44. g4 Bd6+ 45. Kf3 Be5 46. Rb1 Kc4 47. b6 Kd5
48. h4 Kc6 49. Ke4 Re7 50. Rc1+ Kb7 51. Kf3 Rd7 52. h5 g6 53. h6 Re7 54. Rc2 Rd7
55. Ke4 Re7 56. Kd5 Bb8 57. Bd4 f5 58. g5 f4 59. Bc5 Rf7 60. Ke6 Rf5 61. Bf2
Rxg5 62. Kf7 Rh5 63. Kg7 f3 64. Rc4 Rh2 65. Kxh7 Rxf2 66. Kxg6 Rg2+ 67. Kf7 f2 0-1

[Event "European Blitz 2017"]
[Site "Katowice POL"]
[Date "2017.12.15"]
[Round "10.16"]
[White "Kuzmicz, Krystian"]
[Black "Saric, Ivan"]
[Result "1/2-1/2"]
[WhiteTitle "IM"]
[BlackTitle "GM"]
[WhiteElo "2460"]
[BlackElo "2669"]
[WhiteFideId "1119125"]
[BlackFideId "14508150"]
[EventDate "2017.12.15"]
[EventType "blitz"]

1. e4 c6 2. d4 d5 3. f3 e6 4. Nc3 Bb4 5. Bf4 Ne7 6. Qd3 b5 7. Ne2 a5 8. a3 Bxc3+
9. Nxc3 Ba6 10. Qe3 O-O 11. Bd3 Nd7 12. O-O b4 13. Ne2 Bxd3 14. Qxd3 Nb6 15.
axb4 axb4 16. Rxa8 Nxa8 17. Qb3 Ng6 18. Bg3 Qe7 19. Ra1 Nb6 20. Ra5 f5 21. e5
Rb8 22. Be1 Nc4 23. Ra4 c5 24. dxc5 Qxc5+ 25. Bf2 Qe7 26. f4 Nd2 27. Qd3 Ne4 28.
Bd4 h6 29. g3 Rc8 30. c3 bxc3 31. bxc3 Qb7 32. Rb4 Qa8 33. Qb1 Ne7 34. Rb7 Nc6
35. Be3 Qa6 36. Nd4 Nxc3 37. Qb6 Qa1+ 38. Kg2 Qa2+ 39. Kh3 Nxd4 40. Bxd4 Qc4 41.
Qxe6+ Kh8 42. Rxg7 Kxg7 43. Qf6+ Kg8 44. Qe6+ Kf8 45. Qf6+ Ke8 46. Qe6+ Kf8 1/2-1/2

[Event "European Blitz 2017"]
[Site "Katowice POL"]
[Date "2017.12.15"]
[Round "10.17"]
[White "Ragger, Markus"]
[Black "Pulpan, Jakub"]
[Result "1/2-1/2"]
[WhiteTitle "GM"]
[BlackTitle "IM"]
[WhiteElo "2657"]
[BlackElo "2400"]
[WhiteFideId "1610856"]
[BlackFideId "302759"]
[EventDate "2017.12.15"]
[EventType "blitz"]

1. e4 c5 2. Nf3 d6 3. c3 Nf6 4. Be2 g6 5. O-O Bg7 6. Bb5+ Bd7 7. Bxd7+ Nfxd7 8.
d4 O-O 9. Re1 Nc6 10. d5 Nce5 11. Na3 Nxf3+ 12. Qxf3 Rb8 13. Qe2 Qa5 14. Nc4 Qa6
15. a4 Ne5 16. Nxe5 Bxe5 17. f4 Bg7 18. e5 b5 19. Be3 c4 20. axb5 Qxb5 21. Bxa7
Rb7 22. Bf2 Qxd5 23. Rad1 Qb5 24. exd6 exd6 25. Rxd6 Qxb2 26. Qxc4 Qxc3 27. Qxc3
Bxc3 28. Rc1 Bb2 29. Rcd1 Ba3 30. Rd8 Rb8 31. R8d3 Bb4 32. f5 Rbc8 33. Rf3 Bc5
34. Bxc5 Rxc5 35. Rdf1 Rxf5 36. Rxf5 gxf5 37. Rxf5 f6 38. g3 Kg7 39. Kg2 Kg6 40.
Ra5 h5 41. Kf3 Rb8 42. Ra2 Rb3+ 43. Kg2 Rb8 44. Rf2 Rb3 45. Rf3 Rb2+ 46. Rf2 Rb3
47. Rf3 Rb2+ 48. Rf2 Rb3 1/2-1/2

[Event "European Blitz 2017"]
[Site "Katowice POL"]
[Date "2017.12.15"]
[Round "10.18"]
[White "Plat, Vojtech"]
[Black "Licznerski, Lukasz"]
[Result "1/2-1/2"]
[WhiteTitle "GM"]
[BlackTitle "FM"]
[WhiteElo "2567"]
[BlackElo "2267"]
[WhiteFideId "325740"]
[BlackFideId "1179250"]
[EventDate "2017.12.15"]
[EventType "blitz"]

1. e4 c6 2. d4 d5 3. Nd2 dxe4 4. Nxe4 Nd7 5. Nf3 Ngf6 6. Ng3 e6 7. Bd3 c5 8. O-O
cxd4 9. Nxd4 Bc5 10. Nf3 O-O 11. Qe2 b6 12. Ne4 Be7 13. Bf4 Bb7 14. Rad1 Nxe4
15. Bxe4 Bxe4 16. Qxe4 Qc8 17. c4 Nf6 18. Qe2 Qa6 19. b3 Rad8 20. Be5 Qb7 21.
Rfe1 h6 22. Bc3 Rxd1 23. Rxd1 Rd8 24. Rxd8+ Bxd8 25. Bxf6 Bxf6 26. Qd3 g6 27.
Nd2 Qc7 28. Ne4 Bg7 29. Qd6 Qb7 30. f3 Kh7 31. a4 f5 32. Nf2 Qf7 33. Nd3 Qf6 34.
h3 Qc3 35. Nf4 Qxb3 36. Nxe6 Qxc4 37. Qd7 Qc1+ 38. Kh2 Qc3 39. f4 Qf6 40. Kg3 a6
41. Kf3 b5 42. axb5 axb5 43. Nxg7 Qxg7 44. Qxb5 Qc7 45. Qe5 Qxe5 46. fxe5 Kg7
47. Kf4 Kf7 48. h4 Ke6 49. g3 g5+ 50. hxg5 hxg5+ 51. Kxg5 Kxe5 52. Kh5 Ke4 53.
Kg5 Kf3 54. Kxf5 Kxg3 1/2-1/2

[Event "European Blitz 2017"]
[Site "Katowice POL"]
[Date "2017.12.15"]
[Round "10.19"]
[White "Fridman, Daniel"]
[Black "Kaleta, Blazej"]
[Result "1-0"]
[WhiteTitle "GM"]
[WhiteElo "2633"]
[BlackElo "2110"]
[WhiteFideId "11600454"]
[BlackFideId "1170252"]
[EventDate "2017.12.15"]
[EventType "blitz"]

1. Nf3 d5 2. c4 c6 3. g3 Nf6 4. Bg2 e6 5. O-O Nbd7 6. d4 b6 7. Qc2 Bb7 8. Rd1
Rc8 9. b3 Be7 10. Nc3 O-O 11. e4 dxe4 12. Nxe4 Nxe4 13. Qxe4 Ba8 14. Qc2 Bf6 15.
Rb1 Qe7 16. Re1 Rfd8 17. h4 h6 18. b4 Qf8 19. c5 g6 20. Bf4 Bg7 21. Bd6 Qe8 22.
Ne5 Nf6 23. Qa4 Rd7 24. Nxd7 Qxd7 25. Be5 Nd5 26. Qa3 Bf8 27. Qb3 Bb7 28. a4 Kh7
29. Rec1 Be7 30. Bxd5 cxd5 31. cxb6 axb6 32. Rxc8 Qxc8 33. Qf3 Qf8 34. Rc1 Kg8 1-0

[Event "European Blitz 2017"]
[Site "Katowice POL"]
[Date "2017.12.15"]
[Round "10.20"]
[White "Krejci, Jan2"]
[Black "Pavlidis, Antonios"]
[Result "0-1"]
[WhiteTitle "GM"]
[BlackTitle "GM"]
[WhiteElo "2570"]
[BlackElo "2539"]
[WhiteFideId "322156"]
[BlackFideId "4212312"]
[EventDate "2017.12.15"]
[EventType "blitz"]

1. d4 Nf6 2. c4 g6 3. Nc3 Bg7 4. g3 O-O 5. Bg2 Nc6 6. Nf3 d5 7. cxd5 Nxd5 8. O-O
Nxc3 9. bxc3 e5 10. d5 Na5 11. e4 c6 12. Re1 Re8 13. Bg5 Qd6 14. Qa4 b6 15. Rad1
Bb7 16. c4 Rac8 17. Bh3 Rb8 18. Bd2 Qc5 19. Rc1 Bf8 20. Be3 Qa3 21. Qc2 Bc8 22.
Bf1 Bg4 23. Nd2 Rbc8 24. h3 Bd7 25. Nb1 Qb4 26. a3 Qb3 27. Qe2 cxd5 28. Rc3 Qa4
29. exd5 Bf5 30. g4 Bd7 31. Nd2 Bg7 32. Ne4 Nb7 33. Bg5 Qa5 34. Qe3 Kh8 35. Nf6
Red8 36. Qxe5 Re8 37. Qf4 Rxe1 38. Rf3 Be8 39. d6 Nc5 40. Kg2 Ne6 0-1

[Event "European Blitz 2017"]
[Site "Katowice POL"]
[Date "2017.12.15"]
[Round "10.21"]
[White "Saric, Ante"]
[Black "Dobrowolski, Piotr"]
[Result "1-0"]
[WhiteTitle "GM"]
[BlackTitle "IM"]
[WhiteElo "2540"]
[BlackElo "2421"]
[WhiteFideId "14506254"]
[BlackFideId "1106236"]
[EventDate "2017.12.15"]
[EventType "blitz"]

1. Nf3 Nf6 2. g3 d5 3. Bg2 g6 4. b3 Bg7 5. Bb2 O-O 6. c4 c6 7. O-O a5 8. Qc2 a4
9. b4 dxc4 10. Qxc4 Be6 11. Qc2 Na6 12. Qxa4 b5 13. Qd1 Nxb4 14. a3 Nbd5 15. Nd4
Bd7 16. Nb3 Nb6 17. Nc5 Na4 18. Nxa4 bxa4 19. Nc3 Qa5 20. Qc2 Rfb8 21. Rab1 Qa6
22. Ba1 Rxb1 23. Rxb1 Be6 24. d3 Bb3 25. Qd2 Rd8 26. Ne4 Nxe4 27. Bxe4 Bxa1 28.
Rxa1 c5 29. Qc3 Rc8 30. Rc1 c4 31. Bd5 Qd6 32. Bxc4 e6 33. Qb2 Qc5 34. Rc3 h5
35. h4 Rc7 36. Rc1 Rc8 37. Ra1 Rc7 38. Bxb3 Rb7 39. Rc1 Rxb3 40. Qa1 Qxa3 41.
Rc8+ 1-0

[Event "European Blitz 2017"]
[Site "Katowice POL"]
[Date "2017.12.15"]
[Round "10.22"]
[White "Ponkratov, Pavel"]
[Black "Gazik, Viktor"]
[Result "0-1"]
[WhiteTitle "GM"]
[BlackTitle "IM"]
[WhiteElo "2613"]
[BlackElo "2479"]
[WhiteFideId "4157800"]
[BlackFideId "14928752"]
[EventDate "2017.12.15"]
[EventType "blitz"]

1. b3 e5 2. Bb2 Nc6 3. e3 Nf6 4. h3 a6 5. c4 g6 6. Nf3 d6 7. d4 exd4 8. exd4 Bg7
9. d5 Ne7 10. Be2 O-O 11. O-O h5 12. Nbd2 Nf5 13. Bd3 a5 14. Qc2 h4 15. Rae1 Bd7
16. Re2 Nh5 17. Bxg7 Nfxg7 18. Rfe1 Nf4 19. Re3 b6 20. Bf1 Nf5 21. Re4 g5 22.
Qc3 c6 23. dxc6 Bxc6 24. Nh2 Bxe4 25. Nxe4 f6 26. Ng4 Nh5 27. Qf3 Nfg7 28. Rd1
f5 29. Nh6+ Kh7 30. Nxd6 Kxh6 31. Qc6 Kh7 32. Bd3 Qf6 33. Qxb6 Rad8 34. c5 Nf4
35. Bb1 Kh6 36. Qxa5 g4 37. Qd2 Qg5 38. hxg4 Qxg4 39. f3 Qg5 40. Kf1 h3 41. gxh3
Ngh5 42. h4 Qxh4 43. Nxf5+ Rxf5 44. Qxd8 Qh1+ 45. Kf2 Qg2+ 46. Ke3 Qe2+ 47. Kd4
Qxd1+ 0-1

[Event "European Blitz 2017"]
[Site "Katowice POL"]
[Date "2017.12.15"]
[Round "10.23"]
[White "Gdanski, Jacek"]
[Black "Moranda, Wojciech"]
[Result "1/2-1/2"]
[WhiteTitle "GM"]
[BlackTitle "GM"]
[WhiteElo "2458"]
[BlackElo "2593"]
[WhiteFideId "1100106"]
[BlackFideId "1122401"]
[EventDate "2017.12.15"]
[EventType "blitz"]

1. e4 d6 2. d4 Nf6 3. Nc3 e5 4. dxe5 dxe5 5. Qxd8+ Kxd8 6. Bc4 Ke8 7. f4 Bd6 8.
Nf3 Nbd7 9. O-O exf4 10. Nb5 Ne5 11. Nxe5 Bxe5 12. Bxf4 a6 13. Nxc7+ Bxc7 14.
Bxc7 Be6 15. Bxe6 fxe6 16. e5 Nd5 17. Bd6 Rc8 18. Rf2 Ne3 19. Re1 Nf5 20. g4 Nh4
21. Ref1 Rc4 22. h3 h5 23. Rf8+ Rxf8 24. Rxf8+ Kd7 25. Rf7+ Kd8 26. gxh5 Rxc2
27. Rxg7 Nf3+ 28. Kf1 Rd2 29. Rg2 Nh2+ 30. Kg1 Nf3+ 31. Kf1 Nh2+ 32. Kg1 Nf3+ 1/2-1/2

[Event "European Blitz 2017"]
[Site "Katowice POL"]
[Date "2017.12.15"]
[Round "10.24"]
[White "Hracek, Zbynek"]
[Black "Horton, Andrew P"]
[Result "1/2-1/2"]
[WhiteTitle "GM"]
[BlackTitle "FM"]
[WhiteElo "2592"]
[BlackElo "2397"]
[WhiteFideId "300071"]
[BlackFideId "424269"]
[EventDate "2017.12.15"]
[EventType "blitz"]

1. e4 e5 2. Nf3 Nc6 3. d4 exd4 4. Nxd4 Nf6 5. Nxc6 bxc6 6. Qe2 Bc5 7. Nc3 O-O 8.
Be3 Bxe3 9. Qxe3 Re8 10. O-O-O d6 11. f3 Qe7 12. g4 Nd7 13. g5 a5 14. h4 Ba6 15.
h5 Bxf1 16. Rhxf1 Rab8 17. f4 Nc5 18. e5 Rb4 19. a3 Rbb8 20. Rfe1 dxe5 21. fxe5
Nd7 22. Qf4 Nxe5 23. h6 Ng6 24. Rxe7 Nxf4 25. Rxc7 Rbc8 26. Rdd7 Rxc7 27. Rxc7
Ne6 28. Rxc6 Nxg5 29. b4 axb4 30. axb4 Ne6 31. hxg7 h5 32. b5 Rb8 33. b6 Kxg7
34. Nd5 h4 35. Rc4 Rh8 36. b7 Rb8 37. Rg4+ Kf8 38. Rxh4 Rxb7 1/2-1/2

[Event "European Blitz 2017"]
[Site "Katowice POL"]
[Date "2017.12.15"]
[Round "10.25"]
[White "Chigaev, Maksim"]
[Black "Tokranovs, Dmitrijs"]
[Result "1-0"]
[WhiteTitle "GM"]
[BlackTitle "FM"]
[WhiteElo "2555"]
[BlackElo "2348"]
[WhiteFideId "4108116"]
[BlackFideId "11603011"]
[EventDate "2017.12.15"]
[EventType "blitz"]

1. e4 d5 2. exd5 Nf6 3. d4 Nxd5 4. Nf3 g6 5. Bc4 Bg7 6. O-O O-O 7. h3 b6 8. Re1
Bb7 9. c3 Nd7 10. Bg5 Re8 11. Nbd2 c5 12. Qb3 N7f6 13. dxc5 e6 14. Bb5 Re7 15.
c6 Bc8 16. Ne4 a6 17. Bc4 h6 18. Nxf6+ Nxf6 19. Bf4 b5 20. Bf1 Nd5 21. Be5 Qb6
22. Rad1 Qxc6 23. Bxg7 Kxg7 24. Rxd5 1-0

[Event "European Blitz 2017"]
[Site "Katowice POL"]
[Date "2017.12.15"]
[Round "10.26"]
[White "Stocek, Jiri"]
[Black "Castellanos Rodriguez, Renier"]
[Result "1-0"]
[WhiteTitle "GM"]
[BlackTitle "IM"]
[WhiteElo "2566"]
[BlackElo "2501"]
[WhiteFideId "304760"]
[BlackFideId "3404650"]
[EventDate "2017.12.15"]
[EventType "blitz"]

1. d4 Nf6 2. Nf3 e6 3. c4 d5 4. Nc3 a6 5. cxd5 exd5 6. Bg5 Be6 7. e3 Nbd7 8. Rc1
h6 9. Bf4 g5 10. Bg3 Nh5 11. Qb3 Nxg3 12. hxg3 c5 13. Qxb7 g4 14. Ng5 Rb8 15.
Nxe6 fxe6 16. Qxa6 Rb6 17. Qa4 c4 18. Be2 Rxb2 19. Bxg4 Qf6 20. O-O Qg6 21. Nxd5 1-0

[Event "European Blitz 2017"]
[Site "Katowice POL"]
[Date "2017.12.15"]
[Round "10.27"]
[White "Jakubowski, Krzysztof"]
[Black "Meskovs, Nikita"]
[Result "1/2-1/2"]
[WhiteTitle "GM"]
[BlackTitle "GM"]
[WhiteElo "2526"]
[BlackElo "2538"]
[WhiteFideId "1112848"]
[BlackFideId "11602740"]
[EventDate "2017.12.15"]
[EventType "blitz"]

1. c4 Nf6 2. e3 g6 3. b3 Bg7 4. Bb2 O-O 5. Nc3 c5 6. g4 d5 7. g5 Ne4 8. cxd5
Nxc3 9. dxc3 e6 10. dxe6 Bxe6 11. Qxd8 Rxd8 12. Bg2 Nc6 13. Bxc6 bxc6 14. Ne2 a5
15. Nf4 a4 16. Nxe6 fxe6 17. Rb1 axb3 18. axb3 Ra2 19. O-O Rd2 20. Ba1 Ra3 21.
c4 e5 22. b4 cxb4 23. Rxb4 Rda2 24. Rb8+ Kf7 25. Rb7+ Kf8 26. Rb8+ Kf7 27. Rb7+
Kf8 28. Bb2 Ra7 29. Rb8+ Kf7 30. Rd1 R2a4 31. Rbd8 Rxc4 32. R8d7+ Rxd7 33. Rxd7+
Kf8 34. f4 Kg8 35. Rc7 Rc2 36. Bxe5 Bxe5 37. fxe5 Re2 38. e6 Kf8 39. Rxc6 Rxe3
40. Kf2 Re5 41. h4 Ke7 42. Rc7+ Kxe6 43. Rxh7 Ra5 44. Rg7 Kf5 45. Rf7+ Kg4 46.
Rf6 Ra2+ 47. Ke3 Kh5 48. Kf4 Ra4+ 49. Kg3 Rg4+ 50. Kf3 Rxh4 51. Rf8 Kxg5 52. Kg3
Rd4 53. Ra8 Rd3+ 54. Kg2 Kh5 55. Ra4 g5 56. Rb4 Ra3 57. Rc4 Rb3 58. Ra4 1/2-1/2

[Event "European Blitz 2017"]
[Site "Katowice POL"]
[Date "2017.12.15"]
[Round "10.28"]
[White "De Filomeno, Simone"]
[Black "Warakomski, Tomasz"]
[Result "0-1"]
[WhiteTitle "IM"]
[BlackTitle "GM"]
[WhiteElo "2429"]
[BlackElo "2537"]
[WhiteFideId "828688"]
[BlackFideId "1124552"]
[EventDate "2017.12.15"]
[EventType "blitz"]

1. d4 d6 2. Nf3 Bg4 3. c4 Nd7 4. Bf4 g6 5. Nbd2 Bg7 6. h3 Bxf3 7. Nxf3 e5 8. Bh2
e4 9. Ng1 e3 10. fxe3 Ngf6 11. g4 Ne4 12. Nf3 O-O 13. Bg2 Re8 14. O-O c5 15. Nd2
Nxd2 16. Qxd2 Rxe3 17. Qxe3 Bxd4 18. Qxd4 cxd4 19. Bxd6 Qb6 20. Bg3 Re8 21. Bd5
Re7 22. Rf2 Nf6 23. Bg2 Ne4 24. Bxe4 Rxe4 25. Raf1 Qe6 26. b3 Rxe2 27. Rf6 Qe3+
28. Bf2 Qxh3 29. Rd6 Qxg4+ 30. Kh1 Qh5+ 31. Kg1 Qg5+ 32. Kh1 Qh5+ 33. Kg1 Qg4+
34. Kh1 Rxf2 35. Rxf2 Qh3+ 36. Kg1 Qg3+ 0-1

[Event "European Blitz 2017"]
[Site "Katowice POL"]
[Date "2017.12.15"]
[Round "10.29"]
[White "Putka, Verners"]
[Black "Tomczak, Jacek"]
[Result "0-1"]
[BlackTitle "GM"]
[WhiteElo "2307"]
[BlackElo "2588"]
[WhiteFideId "11600659"]
[BlackFideId "1124668"]
[EventDate "2017.12.15"]
[EventType "blitz"]

1. d4 Nf6 2. Nf3 g6 3. g3 Bg7 4. Bg2 O-O 5. O-O d5 6. c4 dxc4 7. Na3 c5 8. dxc5
c3 9. Qb3 Ne4 10. bxc3 Nxc5 11. Qc4 Qa5 12. Nd4 Nbd7 13. Rd1 Nb6 14. Qb4 Qxb4
15. cxb4 Nca4 16. e3 Nc3 17. Rd3 Ne2+ 18. Kf1 Nxd4 19. exd4 Bf5 20. Rd1 Rad8 21.
Be3 Nd5 22. Bxd5 Rxd5 23. Rac1 Rfd8 24. Rc7 R5d7 25. Rdc1 h5 26. Ke2 Be6 27.
R1c2 a6 28. b5 axb5 29. Nxb5 Ra8 30. Rxd7 Bxd7 31. Nc3 Rc8 32. Kd2 Rc4 33. Ne2
Ra4 34. Nc3 Ra5 35. Rb2 Bc6 36. Kd3 e6 37. Kc4 Bf8 38. h4 Bd6 39. Nb5 Ra4+ 40.
Kd3 Be7 41. Nc3 Ra5 42. Kc4 Kf8 43. Rb3 Ke8 44. Rb2 Kd8 45. Rb3 Kc8 46. Rb2 Bg2
47. Kd3 Bf1+ 48. Kd2 Bc4 49. Bf4 b5 50. Be3 Kd7 51. Kc2 b4 52. Ne4 Bxa2 53. Bd2
Bd5 54. Ng5 b3+ 55. Kd3 Ra2 56. Bc3 f6 57. Ne4 Bxe4+ 58. Kxe4 Rxb2 59. Bxb2 Kc6
60. f3 Bd6 61. g4 Bg3 62. g5 f5+ 63. Ke3 Bxh4 64. Bc3 Bxg5+ 65. f4 Be7 0-1

[Event "European Blitz 2017"]
[Site "Katowice POL"]
[Date "2017.12.15"]
[Round "10.30"]
[White "Janaszak, Dawid"]
[Black "Zelcic, Robert"]
[Result "1/2-1/2"]
[WhiteTitle "FM"]
[BlackTitle "GM"]
[WhiteElo "2372"]
[BlackElo "2501"]
[WhiteFideId "1119206"]
[BlackFideId "14500310"]
[EventDate "2017.12.15"]
[EventType "blitz"]

1. d4 Nf6 2. Nc3 d5 3. Bf4 a6 4. e3 e6 5. Nf3 c5 6. dxc5 Bxc5 7. Bd3 Nc6 8. a3
O-O 9. Qe2 Qe7 10. Ne5 Nxe5 11. Bxe5 Nd7 12. Bg3 Bd6 13. e4 d4 14. e5 dxc3 15.
exd6 cxb2 16. Rb1 Qf6 17. O-O Rb8 18. c4 b6 19. Rxb2 Bb7 20. Rfb1 Bc6 21. h3
Rfe8 22. Kf1 e5 23. Be4 Bxe4 24. Qxe4 Qxd6 25. a4 a5 26. Rb5 Nc5 27. Qd5 Qxd5
28. cxd5 Nxa4 29. Rc1 Nc5 30. Bxe5 Rxe5 31. Rcxc5 g6 32. Rc6 Rd8 33. Rcxb6 Rdxd5
34. Rxd5 Rxd5 35. Ra6 h5 36. Rxa5 1/2-1/2

[Event "European Blitz 2017"]
[Site "Katowice POL"]
[Date "2017.12.15"]
[Round "10.31"]
[White "Schneider, Ilja"]
[Black "Walter, Szymon"]
[Result "1-0"]
[WhiteTitle "IM"]
[WhiteElo "2517"]
[BlackElo "2246"]
[WhiteFideId "4663306"]
[BlackFideId "1172590"]
[EventDate "2017.12.15"]
[EventType "blitz"]

1. d4 Nf6 2. Bg5 Ne4 3. Bf4 c5 4. f3 Nf6 5. dxc5 Qa5+ 6. Qd2 Qxc5 7. e4 d6 8.
Nc3 Nc6 9. O-O-O Be6 10. Nge2 g6 11. Kb1 Qa5 12. Nd4 Nxd4 13. Qxd4 a6 14. Bxd6
Bg7 15. Qc5 Qxc5 16. Bxc5 Rc8 17. Bd4 O-O 18. Be2 b5 19. a3 Rfd8 20. Bb6 Re8 21.
Bd4 Red8 22. Rhe1 Bh6 23. Bf1 Nd7 24. Nd5 Kf8 25. Be3 Bg7 26. Nf4 Bc4 27. Bxc4
bxc4 28. c3 e6 29. Rd2 Ke7 30. Red1 Be5 31. Ne2 h5 32. Bg5+ f6 33. Bf4 g5 34.
Bxe5 fxe5 35. Kc2 a5 36. Ng3 h4 37. Nf1 Rc7 38. Ne3 a4 39. Rd6 Rb8 40. Nxc4 Nc5
41. Nxe5 Kf6 42. Nd7+ Nxd7 43. Rxd7 Rc5 44. R7d4 Ke5 45. Rxa4 Kf4 46. e5+ Ke3
47. Rd2 Rxb2+ 48. Kxb2 Kxd2 49. Re4 Rb5+ 50. Rb4 Rxe5 51. Rd4+ Ke3 52. a4 1-0